000 00847nam a2200217Ii 4500
003 JO-AjNU
008 230605s9999||||xx |||||||||||||| ||und||
017 _a2005/5/1232
040 _aJO-AjNU
_bara
_erda
_cJO-AjNU
041 _aara
050 1 4 _aBP70.2005
100 3 _aالناخبي، عبد الله بن احمد بن محسن ؛ باذيب،محمد بن ابي بكر تعليق وتحقيق,
_eauthor
_936655
245 0 0 _aالقول المختار فيما لآل العمودي من الأخبار:نصوص مختارة
250 _aط1
264 3 1 _aعمان:دار الفتح للدراسات والنشر ، 2005
300 _a136ص
336 _atext
_btxt
_2rdacontent
337 _aunmediated
_bn
_2rdamedia
338 _avolume
_bnc
_2rdacarrier
650 4 _aالتراجم-الاسلام-علماء الاسلام
_936656
999 _aA15248
_c18816
_d18816